Statistics for Bayern Munich Captain By Year

Click here to take the quiz!

General Stats

  • This quiz has been taken 50 times
  • The average score is 34 of 57

Answer Stats

SeasonAnswer% Correct
2021-22Manuel Neuer
100%
2017-18Manuel Neuer
100%
2020-21Manuel Neuer
100%
2019-20Manuel Neuer
100%
2018-19Manuel Neuer
100%
2016-17Philipp Lahm
96%
2015-16Philipp Lahm
96%
2014-15Philipp Lahm
96%
2013-14Philipp Lahm
96%
2012-13Philipp Lahm
96%
2011-12Philipp Lahm
96%
2002-03Oliver Kahn
93%
2007-08Oliver Kahn
93%
2006-07Oliver Kahn
93%
2005-06Oliver Kahn
93%
2004-05Oliver Kahn
93%
2003-04Oliver Kahn
93%
1970-71Franz Beckenbauer
83%
1971-72Franz Beckenbauer
83%
1976-77Franz Beckenbauer
83%
1975-76Franz Beckenbauer
83%
1972-73Franz Beckenbauer
83%
1974-75Franz Beckenbauer
83%
1973-74Franz Beckenbauer
83%
1995-96Lothar Matthäus
65%
1994-95Lothar Matthäus
65%
1996-97Lothar Matthäus
65%
1983-84Karl-Heinz Rummenigge
61%
1977-78Sepp Maier
54%
1978-79Sepp Maier
54%
2009-10Mark van Bommel
52%
2008-09Mark van Bommel
52%
2010-11Mark van Bommel
52%
1999-00Stefan Effenberg
52%
2000-01Stefan Effenberg
52%
2001-02Stefan Effenberg
52%
1982-83Paul Breitner
41%
1980-81Paul Breitner
41%
1981-82Paul Breitner
41%
1985-86Klaus Augenthaler
33%
1984-85Klaus Augenthaler
33%
1987-88Klaus Augenthaler
33%
1988-89Klaus Augenthaler
33%
1989-90Klaus Augenthaler
33%
1990-91Klaus Augenthaler
33%
1986-87Klaus Augenthaler
33%
1979-80Georg Schwarzenbeck
20%
1998-99Thomas Helmer
15%
1997-98Thomas Helmer
15%
1993-94Raimond Aumann
11%
1991-92Raimond Aumann
11%
1992-93Raimond Aumann
11%
1969-70Werner Olk
9%
1968-69Werner Olk
9%
1967-68Werner Olk
9%
1966-67Werner Olk
9%
1965-66Werner Olk
9%

Score Distribution

Percentile by Number Answered

Percent of People with Each Score

Your Score History

You have not taken this quiz